Cuatro manuscritos inéditos (Los principios de donde recibe el ente la existencia, Naturaleza y sobrenaturaleza, Existencia de Dios, Existencia de Dios según mi exposición) / (Record no. 24075)

MARC details
000 -LEADER
campo de control de longitud fija 00966nam a2200241 i 4500
001 - NÚMERO DE CONTROL
campo de control 24075
003 - IDENTIFICADOR DE NÚMERO DE CONTROL
campo de control ES-MaACL
005 - FECHA Y HORA DE LA ÚLTIMA TRANSACCIÓN
campo de control 20250804054932.0
007 - CAMPO FIJO DE DESCRIPCIÓN FÍSICA--INFORMACIÓN GENERAL
campo de control de longitud fija t|
008 - DATOS DE LONGITUD FIJA--INFORMACIÓN GENERAL
campo de control de longitud fija 021213s1964 sp ||||1| spa d
100 1# - ENTRADA PRINCIPAL--NOMBRE DE PERSONA
Nombre de persona Amor Ruibal, Ángel,
Fechas asociadas al nombre 1869-1930
9 (RLIN) 21296
245 10 - MENCIÓN DEL TÍTULO
Título Cuatro manuscritos inéditos (Los principios de donde recibe el ente la existencia, Naturaleza y sobrenaturaleza, Existencia de Dios, Existencia de Dios según mi exposición) /
Mención de responsabilidad, etc. Angel Amor Ruibal ; edición y estudio preliminar de Saturnino Casas Blanco.
260 ## - PUBLICACIÓN, DISTRIBUCIÓN, ETC.
Lugar de publicación, distribución, etc. Madrid :
Nombre del editor, distribuidor, etc. Gredos,
Fecha de publicación, distribución, etc. [1964]
300 ## - DESCRIPCIÓN FÍSICA
Extensión 534 p., 1 lám. ;
Dimensiones 20 cm.
490 1# - MENCIÓN DE SERIE
Mención de serie Biblioteca hispánica de filosofía ;
Designación de volumen o secuencia 39
650 ## - PUNTO DE ACCESO ADICIONAL DE MATERIA--TÉRMINO DE MATERIA
Término de materia o nombre geográfico como elemento de entrada Ontología.
9 (RLIN) 15705
650 04 - PUNTO DE ACCESO ADICIONAL DE MATERIA--TÉRMINO DE MATERIA
Término de materia o nombre geográfico como elemento de entrada Dios-
Subdivisión general Existencia
9 (RLIN) 11904
700 1# - ENTRADA AGREGADA--NOMBRE PERSONAL
Nombre de persona Casas Blanco, Saturnino.
9 (RLIN) 36214
830 0# - PUNTO DE ACCESO ADICIONAL DE SERIE-TÍTULO UNIFORME
Título uniforme Biblioteca hispánica de filosofía ;
Designación de volumen o secuencia 39
9 (RLIN) 181000
852 ## - LOCALIZACIÓN
Ubicación ES-MaACL
Número de control de estantería G-8788
Sublocalización o colección R.53651
itemnumber 24967
942 ## - ELEMENTOS DE ENTRADA SECUNDARIOS (KOHA)
Fuente del sistema de clasificación o colocación Clasificación decimal universal
Holdings
Estatus retirado Estado de pérdida Fuente del sistema de clasificación o colocación Estado de daño No para préstamo Biblioteca de origen Biblioteca actual Ubicación en estantería Fecha de adquisición Total de préstamos Signatura topográfica completa Código de barras Visto por última vez Precio de reemplazo Tipo de ítem Koha
    Clasificación decimal universal     Biblioteca del Ateneo de Madrid Biblioteca del Ateneo de Madrid Sala Pecera Planta 3 17/01/2008   G-8788 1024813 23/02/2023 23/02/2023 Libro impreso